|
|
|
|
| LEADER |
03206nam a2200565 4500 |
| 001 |
978-3-319-99927-2 |
| 003 |
DE-He213 |
| 005 |
20191026081303.0 |
| 007 |
cr nn 008mamaa |
| 008 |
180906s2018 gw | s |||| 0|eng d |
| 020 |
|
|
|a 9783319999272
|9 978-3-319-99927-2
|
| 024 |
7 |
|
|a 10.1007/978-3-319-99927-2
|2 doi
|
| 040 |
|
|
|d GrThAP
|
| 050 |
|
4 |
|a QA76.758
|
| 072 |
|
7 |
|a UMZ
|2 bicssc
|
| 072 |
|
7 |
|a COM051230
|2 bisacsh
|
| 072 |
|
7 |
|a UMZ
|2 thema
|
| 082 |
0 |
4 |
|a 005.1
|2 23
|
| 245 |
1 |
0 |
|a Testing Software and Systems
|h [electronic resource] :
|b 30th IFIP WG 6.1 International Conference, ICTSS 2018, Cádiz, Spain, October 1-3, 2018, Proceedings /
|c edited by Inmaculada Medina-Bulo, Mercedes G. Merayo, Robert Hierons.
|
| 250 |
|
|
|a 1st ed. 2018.
|
| 264 |
|
1 |
|a Cham :
|b Springer International Publishing :
|b Imprint: Springer,
|c 2018.
|
| 300 |
|
|
|a XII, 171 p. 45 illus.
|b online resource.
|
| 336 |
|
|
|a text
|b txt
|2 rdacontent
|
| 337 |
|
|
|a computer
|b c
|2 rdamedia
|
| 338 |
|
|
|a online resource
|b cr
|2 rdacarrier
|
| 347 |
|
|
|a text file
|b PDF
|2 rda
|
| 490 |
1 |
|
|a Programming and Software Engineering ;
|v 11146
|
| 520 |
|
|
|a This book constitutes the refereed proceedings of the 30th IFIP WG 6.1 International Conference on Testing Software and Systems, ICTSS 2018, held in Cádiz, Spain, in October 2018. The 8 regular and 6 short papers presented were carefully reviewed and selected from 29 submissions. ICTSS is a series of international conferences addressing the conceptual, theoretic, and practical problems of testing software systems, including communication protocols, services, distributed platforms, middleware, embedded- and cyber-physical-systems, and security infrastructures.
|
| 650 |
|
0 |
|a Software engineering.
|
| 650 |
|
0 |
|a Programming languages (Electronic computers).
|
| 650 |
|
0 |
|a Computer logic.
|
| 650 |
|
0 |
|a Artificial intelligence.
|
| 650 |
|
0 |
|a Computer organization.
|
| 650 |
1 |
4 |
|a Software Engineering.
|0 http://scigraph.springernature.com/things/product-market-codes/I14029
|
| 650 |
2 |
4 |
|a Programming Languages, Compilers, Interpreters.
|0 http://scigraph.springernature.com/things/product-market-codes/I14037
|
| 650 |
2 |
4 |
|a Logics and Meanings of Programs.
|0 http://scigraph.springernature.com/things/product-market-codes/I1603X
|
| 650 |
2 |
4 |
|a Artificial Intelligence.
|0 http://scigraph.springernature.com/things/product-market-codes/I21000
|
| 650 |
2 |
4 |
|a Computer Systems Organization and Communication Networks.
|0 http://scigraph.springernature.com/things/product-market-codes/I13006
|
| 700 |
1 |
|
|a Medina-Bulo, Inmaculada.
|e editor.
|4 edt
|4 http://id.loc.gov/vocabulary/relators/edt
|
| 700 |
1 |
|
|a Merayo, Mercedes G.
|e editor.
|4 edt
|4 http://id.loc.gov/vocabulary/relators/edt
|
| 700 |
1 |
|
|a Hierons, Robert.
|e editor.
|4 edt
|4 http://id.loc.gov/vocabulary/relators/edt
|
| 710 |
2 |
|
|a SpringerLink (Online service)
|
| 773 |
0 |
|
|t Springer eBooks
|
| 776 |
0 |
8 |
|i Printed edition:
|z 9783319999265
|
| 776 |
0 |
8 |
|i Printed edition:
|z 9783319999289
|
| 830 |
|
0 |
|a Programming and Software Engineering ;
|v 11146
|
| 856 |
4 |
0 |
|u https://doi.org/10.1007/978-3-319-99927-2
|z Full Text via HEAL-Link
|
| 912 |
|
|
|a ZDB-2-SCS
|
| 912 |
|
|
|a ZDB-2-LNC
|
| 950 |
|
|
|a Computer Science (Springer-11645)
|